000
00272 a2200097 4500
082
_a
625.85 DRU
100
_a
Druschner, Lothar
245
_a
ASPHALT Stone Mastic Asphalt/
_c
Lothar Druschner
260
_a
USA :
_b
Asphalt Institute
_c
2005
300
_a
31p. :
_b
col, ill. ;
_c
20 cm
650
_a
Mastic Asphalt
999
_c
1574
_d
1574